Geography Quiz

Random Geography or State Quiz

States That Border Idaho Quiz Stats

Quiz Updated Sep 13, 2017

Challenge
Share
Tweet
Embed
Score 0/6 Timer 01:00
8 Plays Today
State % Correct
Washington
96.8%
Montana
96.1%
Oregon
95.9%
Wyoming
90.3%
Utah
84.1%
Nevada
79.2%

You're not logged in!

Compare scores with friends on all Sporcle quizzes.
Sign Up with Email
OR
Log In

You Might Also Like...

Show Comments

Extras

Top Quizzes Today


Score Distribution

Your Account Isn't Verified!

In order to create a playlist on Sporcle, you need to verify the email address you used during registration. Go to your Sporcle Settings to finish the process.

Report this User

Report this user for behavior that violates our Community Guidelines.

Details: